| 000 | 00452nam a2200181Ia 4500 | ||
|---|---|---|---|
| 008 | 220531s9999 xx 000 0 und d | ||
| 041 | _aeng | ||
| 082 |
_a- _bPAN / NAW |
||
| 100 |
_aNawale, A. M. _984045 |
||
| 245 | _aPanorama of World Literature | ||
| 250 | _a1ST | ||
| 260 |
_aNew Delhi _bAuthorspress _c2012 |
||
| 300 | _a286 | ||
| 542 | _d31-05-2018 | ||
| 650 |
_aLiterature _984046 |
||
| 906 |
_d2018-2019 _f12656 |
||
| 999 |
_c46267 _d46267 |
||